Proyecto "Investigación participativa del patrimonio cultural inmaterial de la Parroquia Susudel del Cantón Oña" 2011-2015 /

Detalles Bibliográficos
Otros Autores: Eljuri Jaramillo, Gabriela (Editor)
Formato: Electrónico eBook
Lenguaje:español
Publicado: Cuenca, Ecuador : Universidad del Azuay, Casa Editora, [2019]
Materias:
Acceso en línea:Digitalia Hispánica

MARC

LEADER 00000nam a2200000Ii 4500
001 DIGUAZUAY0055
003 NyNyDIG
006 m o d
007 cr |||||||||||
008 251104s2019 ec a ob 000 0 spa d
035 |a (OCoLC)1548425424 
040 |a DGITA  |b eng  |e rda  |e pn  |c DGITA 
020 |a 9789942778840  |q eBook 
020 |z 9789942778833 
043 |a s-ec--- 
050 1 4 |a F3781.1 ebook 
245 0 0 |a Proyecto "Investigación participativa del patrimonio cultural inmaterial de la Parroquia Susudel del Cantón Oña" 2011-2015 /  |c coordinación, Gabriela Eljuri Jaramillo. 
246 3 0 |a Investigación Participativa del Patrimonio Cultural Inmaterial de la Parroquia Susudel del Cantón Oña 
264 1 |a Cuenca, Ecuador :  |b Universidad del Azuay, Casa Editora,  |c [2019] 
300 |a 1 online resource :  |b illustrations. 
336 |a text  |b txt  |2 rdacontent 
337 |a computer  |b c  |2 rdamedia 
338 |a online resource  |b cr  |2 rdacarrier 
347 |a text file  |2 rdaft 
347 |b PDF 
504 |a Includes bibliographical references. 
588 0 |a Online resource; title from PDF title page (Digitalia, viewed November 4, 2025) 
650 0 |a Cultural heritage  |z Ecuador. 
650 0 |a Cultural property  |z Ecuador. 
700 1 |a Eljuri Jaramillo, Gabriela,  |e editor. 
791 2 |a Digitalia (Firm),  |e distributor. 
793 0 |g Digitalia eBook Collection:  |a Universidad del Azuay 
776 0 8 |i Print version:  |t Proyecto "Investigación participativa del patrimonio cultural inmaterial de la Parroquia Susudel del Cantón Oña".  |d Cuenca, Ecuador : Universidad del Azuay, Casa Editora, [2019]  |z 9789942778833 
856 4 0 |3 Digitalia Hispánica  |u https://www.digitaliapublishing.com/a/133438/ 
910 |a Premium collection: 2025